La imagen : (Record no. 27171)

MARC details
000 -LEADER
fixed length control field 00698nam a22001937a 4500
005 - DATE AND TIME OF LATEST TRANSACTION
control field 20150124122902.0
008 - FIXED-LENGTH DATA ELEMENTS--GENERAL INFORMATION
fixed length control field 111114t mx||||| |||| 00| 0 spa d
020 ## - INTERNATIONAL STANDARD BOOK NUMBER
International Standard Book Number 9682441358
050 04 - LIBRARY OF CONGRESS CALL NUMBER
Classification number P93.5
Item number M65 1999
100 1# - MAIN ENTRY--PERSONAL NAME
Personal name Moles, Abraham A.
245 10 - TITLE STATEMENT
Title La imagen :
Remainder of title Comunicación funcional
Statement of responsibility, etc / Abraham A. Moles ; traducción y revisión Gastón Melo Medina,
260 ## - PUBLICATION, DISTRIBUTION, ETC. (IMPRINT)
Place of publication, distribution, etc México :
Name of publisher, distributor, etc Trillas,
Date of publication, distribution, etc r1999
300 ## - PHYSICAL DESCRIPTION
Extent 271 p. :
Other physical details il. ;
Dimensions 23 cm.
500 ## - GENERAL NOTE
General note Traducción de : L´ Image, Comunication Fonctionnelle
504 ## - BIBLIOGRAPHY, ETC. NOTE
Bibliography, etc Incluye bibliografía e índices
650 #7 - SUBJECT ADDED ENTRY--TOPICAL TERM
Source of heading or term LEMB.
Topical term or geographic name as entry element Comunicación
General subdivision Teoria de la información
700 1# - ADDED ENTRY--PERSONAL NAME
Personal name Melo Medina, Gastón.,
Relator term tr.
942 ## - ADDED ENTRY ELEMENTS (KOHA)
Source of classification or shelving scheme Clasificación Decimal Dewey
Koha item type Libro
Holdings
Estado de pérdida Fuente de clasificación Estado del daño No para préstamo Ubicación permanente Ubicación actual Apartado o colección Fecha de adquisición Clasificación Código de Barras Date last seen Número de copia Tipo de recurso Nota pública
  Clasificación Decimal Dewey     Biblioteca de la Facultad de Bellas Artes Biblioteca de la Facultad de Bellas Artes General 14/11/2011 P93.5 M65 1999 BBA000000873 14/11/2011 C : 1 Libro General